| 000 | 02172mam a2200373 a 4500 | ||
|---|---|---|---|
| 001 | 3318055 | ||
| 003 | ARRUPE | ||
| 005 | 20160428092020.0 | ||
| 008 | 020806s2002 deu b 001 0 eng d | ||
| 010 | _a 2001097020 | ||
| 020 | _a1882926749 (cloth) | ||
| 020 | _a1882926757 (pbk.) | ||
| 035 | _a(OCoLC)50302913 | ||
| 035 | _a(OCoLC)ocm50302913 | ||
| 035 | _a(NNC)3318055 | ||
| 040 |
_aVPI _cVPI _dOrLoB-B |
||
| 050 | 1 | 4 |
_aJA71 _b.F44 2002 |
| 100 | 1 |
_aFederici, Michael P. _924174 |
|
| 245 | 1 | 0 |
_aEric Voegelin : _bthe restoration of order / _cMichael P. Federici. |
| 260 |
_aWilmington, DE : _bISI Books, _c2002. |
||
| 300 |
_axxxvi, 249 p. ; _c22 cm. |
||
| 490 | 1 | _aLibrary of modern thinkers | |
| 504 | _aIncludes bibliographical references p. (191)-205 and index. | ||
| 505 | 0 | 0 |
_g1. _tBiographical Sketch and Early Works -- _g2. _tThe Crisis of the West -- _g3. _tThe History of Political Ideas -- _g4. _tThe Science of Politics -- _g5. _tPhilosophy of History: Order and History -- _g6. _tPhilosophy of Consciousness -- _g7. _tVoegelin's Critics -- _tConclusion: Voegelin's Contribution. |
| 520 | 1 | _a"Few political philosophers of the twentieth century can lay claim to as much original brilliance as can Eric Voegelin (1901-1985), the Austrian-born philosopher who after fleeing the Nazis taught for most of his career at Louisiana State University. In this introduction to Voegelin's thought, Michael Federici synthesizes Voegelin's corpus of work, making the contributions of this philosopher readily accessible to the interested scholar and layman.". | |
| 520 | 8 | _a"Readers intimidated or puzzled by Voegelin's often daunting prose will find Federici's volume, the fourth entry in ISI's Library of Modern Thinkers series, an invaluable guide to one of the twentieth century's most imposing - and most impressive - philosophical minds."--BOOK JACKET. | |
| 600 | 1 | 0 |
_aVoegelin, Eric, _d1901-1985. _919096 |
| 650 | 0 |
_aPolitical science _xPhilosophy. _924175 |
|
| 650 | 0 |
_aHistory _xPhilosophy. _924176 |
|
| 650 | 0 |
_aPhilosophy, Modern _y20th century. _924177 |
|
| 830 | 0 |
_aLibrary of modern thinkers. _924178 |
|
| 900 | _bTOC | ||
| 942 |
_2lcc _cMONOGRAPH |
||
| 999 |
_c124737 _d124737 |
||